Statystyki dla La liga 2018/2019

Kliknij tutaj aby rozwiązać quiz!

Ogólne statystyki

  • Ten quiz został rozwiązany 476 razy
  • Średni wynik to 13 z 20

Statystyki odpowiedzi

Kluby% Poprawnych
FC Barcelona
98%
Real Madryt
98%
Atletico Madryt
95%
Sevilla
90%
Valencia
87%
Athletic Bilbao
78%
Real Betis
74%
Real Sociedad
74%
Getafe
72%
Villarreal
70%
Espanyol
64%
Levante
55%
Deportivo Alaves
51%
Celta Vigo
50%
Huesca
47%
Rayo Vallecano
45%
Girona FC
43%
Real Valladolid
43%
Eibar
39%
Leganes
36%

Rozkład punktacji

Percentyl według liczby udzielonych odpowiedzi

Procent ludzi z każdym wynikiem

Twoja historia wyników

Nie rozwiązałeś tego quizu